Postman Pat Song - Statistics

General Stats
  • This quiz has been taken 37 times
  • The average score is 147 of 229
Answer Stats
Answer % Correct
post
100%
Pat
93%
a
90%
and
90%
black
90%
cat
90%
his
90%
Postman
90%
white
90%
Early
86%
in
86%
morning
86%
the
86%
as
83%
is
83%
van
83%
just
79%
man
79%
dawning
76%
day
76%
Letters
59%
all
55%
All
55%
he
55%
be
52%
red
52%
bright
48%
Everybody
45%
happy
45%
knows
45%
are
41%
birds
41%
knock
41%
to
41%
you
41%
friends
38%
ring
38%
singing
38%
beginning
34%
bags
31%
can
31%
door
31%
feels
31%
greet
31%
hes
31%
he's
31%
Maybe
31%
never
28%
picks
28%
really
28%
smile
28%
them
28%
through
28%
up
28%
waves
28%
sure
24%
will
24%
your
24%
there'll
21%
hee
3%
No matching quizzes found
Score Distribution
Percent of People with Each Score
Percentile by Number Answered
Your Score History
You have not taken this quiz